000
00312pam a2200133 a 4500
020
_c
041
_h
082
_a
751.4
_b
SAN
100
_a
Michael Sanders .
245
_a
Van Gogh Ready to paint The Masters
_h
Textual Documents
260
_a
[s.l]:
_b
Search Press
300
_a
64:
_b
paper.
930
_a
7992
999
_c
241782
_d
241782